| 000 | 00877nam a2200253Ia 4500 | ||
|---|---|---|---|
| 003 | OSt | ||
| 005 | 20220923224715.0 | ||
| 006 | a|||||r|||| 00| 0 | ||
| 007 | ta | ||
| 008 | 220922b |||||||| |||| 00| 0 hin d | ||
| 024 | _a248,948 | ||
| 037 | _cTextual | ||
| 040 |
_aARTS _cARTS _bhin |
||
| 041 |
_2hin _ahin |
||
| 082 | _aO15,1A2, 152K8;M5.3.5.14 | ||
| 100 | _aसातवलेकर, श्रीपाद दामोदर, संपा. | ||
| 245 | 0 | _aमहाभारत | |
| 246 | _ahinābhārata | ||
| 260 |
_aपारडी _b श्रीपाद सातवलेकर _c1985 |
||
| 490 | _vभाग 3 | ||
| 650 | _aसंस्कृत साहित्य | ||
| 942 |
_hO15,1A2, 152K8;M5.3.5.14 _cTEXL _2CC |
||
| 999 |
_c373098 _d373098 |
||